000 00264nam a22001097a 4500
082 _a030 COL'H
100 _aHALSEY, WILIAM H
_957324
245 _aCOLLIER'S ENCYCLOPEDIA WITH BIBILOGRAPHY AND INDEX
260 _aUSA
_bCOLLIER
_c1965
300 _a24V
942 _cBK
999 _c567618
_d567618